Géographie difficile commençant par la lettre A - Statistiques

Statistiques générales
  • Ce quiz a été pris 220 fois
    107 depuis la dernière actualisation
  • Le résultat moyen est 8 sur 20
Statistiques - réponses
Hint Réponse % Correct
Archipel portugais dont la capitale est Ponta Delgada Açores
79%
Continent avec l'altitude moyenne la plus élevée Antarctique
77%
Désert chilien de 105 000 km² Atacama
66%
Capitale des îles Samoa Apia
63%
Plus grande ville de l'Alaska Anchorage
60%
Plus grande ville du Kazakhstan Almaty
47%
Ville connue pour son château et pour abriter la tombe de Léonard de Vinci Amboise
47%
Point culminant des Amériques Aconcagua
44%
Ville du Danemark située sur la côte est de la péninsule de Jutland Aarhus
42%
Île faisant partie du "ABC" néerlandais Aruba
42%
Mer bordant la Crimée Azov
42%
Ville ayant accueilli les Jeux Olympiques 1992 Albertville
35%
Ville oasis en plein centre de l'Australie Alice Springs
35%
Chaîne de montagnes néo-zélandaise Alpes du Sud
35%
Mer du golfe du Bengale bordant Myanmar et la Malaisie Andaman
27%
Commune située dans la banlieue de Marseille Aubagne
27%
Ville philippine connue pour ses casinos Angeles
15%
Ville du Sud de la Turquie, elle fut fondée par Alexandre le Grand Alexandrette
11%
Golfe du Nord-Est sibérien Anadyr
8%
Région du Nord-Ouest éthiopien Amhara
5%
Aucun quiz correspondant
Distribution des résultats
% des personnes avec chaque résultat
Percentile par nombre de réponses
Votre historique - résultats
Vous n’avez pas pris ce quiz depuis la dernière actualisation